| 000 | 00347nam a2200121Ia 4500 | ||
|---|---|---|---|
| 008 | 220216s9999 xx 000 0 und d | ||
| 100 | _aKar Anjan | ||
| 245 | 0 | _aActivities of standardisation in the filed of rubber at international and national forum | |
| 260 |
_bRubber India _c2001 |
||
| 300 | _a17-19 | ||
| 650 | _aStandardisation | ||
| 942 | _cJS | ||
| 999 |
_c53771 _d53771 |
||